00810nam a2200229Ia 450000100060000000300090000600800410001504000130005604000130006904100130008210000200009510000290011524500360014424500370018025000110021726000450022826000490027330000570032250001510037965000190053065000310054926708IT-RoPAU130308s9999 xx 000 0 und d aIT-RoPAU cIT-RoPAU aITALIANO aZenatti Arlette gCodice Aut. SPICS: 10649 aPercezione polifonica (La)-A.Z. bOrecchio Musicale (L')-Fotocopie a1a ed. bs.e. (senza Editrice o non identificata) c1986 [1° Ed.:1986 - Ed.Ling.Originale:1969] a"15 p. (prefazione: no ; testo: 15 [pagine: 41-55])" aStrutturazione Percettiva di una fuga Mobilità dell'Attività Percettiva Ampiezza dei Percorsi Percettivi Rapidità di riconoscimento del Tema aSAGGI MUSICALI eCodice materia Spics: 7011